|
|
|
|
| LEADER |
00813cam a2200205 i 4500 |
| 001 |
18655674 |
| 003 |
GR-PaULI |
| 005 |
20240909115920.0 |
| 008 |
150612n19uu enka b 000 1 eng d |
| 040 |
|
|
|a BTCTA
|b gre
|c BTCTA
|e AACR2
|d GR-PaULI
|
| 082 |
0 |
4 |
|a 398.2
|2 23
|
| 245 |
0 |
0 |
|a Once upon a time stories.
|b
|c
|
| 260 |
|
|
|a London ;
|a Glasgow :
|b Collins,
|c [19--].
|
| 300 |
|
|
|a 92 σ. :
|b εικ. ;
|c 14 εκ.
|
| 490 |
1 |
|
|a A little giant book
|
| 505 |
|
|
|a Little red riding hood -- Dick Whittington -- The babes in the wood -- Cinderella -- Goldilocks.
|
| 830 |
|
0 |
|a Little giant book (Collins)
|9 205591
|
| 942 |
|
|
|2 ddc
|c BK
|
| 952 |
|
|
|0 0
|1 0
|2 ddc
|4 0
|6 398_200000000000000_ONC
|7 0
|9 383210
|a LISP
|b LISP
|c DON
|d 2024-09-09
|e ΜΑΡ
|i 367955
|l 0
|o 398.2 ONC
|p 025000312712
|r 2024-09-09 11:59:59
|t 1
|w 2024-09-09
|y BKN
|
| 999 |
|
|
|c 222600
|d 222600
|